000 00390nam a2200157Ia 4500
003 OSt
005 20240329165942.0
008 170524s9999 xx 000 0 und d
020 _a9788174467607
040 _cIIMT UNIVERSITY
100 _aLALL,MADHURIMA
245 0 _aPERSONAL GROWTH AND TRAINING DEVELOPMENT
260 _aNEW DELHI
_bEXCEL BOOK
_c2009
300 _a572
942 _2ddc
_c02
999 _c2667
_d2667